000 00853nam a22002657a 4500
001 03645
003 HDC
007 cr bn ---aaaaa
008 210111t2001 flu||||| |||| 00| 0 eng
020 _a1-56670-487-1
040 _aHDC
245 0 _aAgricultural Safety. Chapter 12 :
_bMeasurement of Safety Work
260 _a Boca Raton, Florida:
_bCRC Press,
_c2001
300 _a6 pages
336 _atext
_2rdacontent
337 _acomputer
_2rdamedia
338 _aonline resource
_2rdacarrier
650 _aAgricultural Safety
_93206
650 _asafety briefing
_93308
650 _asafety inspection
_93314
856 _zRequest full-text at [email protected]
942 _2lcc
942 _cCHAP
942 _kEBCH 001648
999 _c981
_d981